New report on the South American Hevea leaf blight: Chances of successful hevea cultivation in Western hemisphere (Record no. 63892)

MARC details
000 -LEADER
fixed length control field 00366nam a2200121Ia 4500
245 #0 - TITLE STATEMENT
Title New report on the South American Hevea leaf blight: Chances of successful hevea cultivation in Western hemisphere
260 ## - PUBLICATION, DISTRIBUTION, ETC. (IMPRINT)
Name of publisher Planter
Year of publication 1955
300 ## - PHYSICAL DESCRIPTION
Number of Pages 189-191
650 ## - SUBJECT ADDED ENTRY--TOPICAL TERM
Topical Term Hevea cultivation
650 ## - SUBJECT ADDED ENTRY--TOPICAL TERM
Topical Term SALB
942 ## - ADDED ENTRY ELEMENTS (KOHA)
Koha item type Journals
Holdings
Withdrawn status Lost status Damaged status Not for loan Home library Current library Shelving location Date acquired Serial Enumeration / chronology Koha item type
      Journals RRII Library RRII Library Pathology 17/12/2021 Volume 31, Issue Journals